Le avventure di prigionia del giovane tenente Magnani / (Record no. 6781)
[ view plain ]
| 000 -LEADER | |
|---|---|
| campo di controllo lung. fissa | 00625nam a22002177i 4500 |
| 001 - Numero di controllo | |
| campo di controllo | IT\ICCU\LO1\0501009 |
| 003 - Identificatore del numero di controllo | |
| campo di controllo | ItRI |
| 005 - Data e orario dell'ultima transazione | |
| campo di controllo | 20260130111031.0 |
| 008 - Elementi di lunghezza fissa--Informazione generale | |
| campo di controllo lung. fissa | 990819s1998 it |||||| ||||| |||||c |
| 020 ## - ISBN (International Standard Book Number) | |
| ISBN (International Standard Book Number) | 8886633041 |
| 040 ## - Fonte della catalogazione | |
| Lingua della catalogazione | ita |
| Agenzia che fa la trascrizione | ct |
| 041 #7 - Codice di lingua | |
| Codice di lingua del testo/traccia sonora o titolo separato | ita |
| Fonte del codice | ISO-639-2 |
| 082 ## - Numero di classificazione Decimale Dewey | |
| Numero di classificazione | 853.914 |
| Numero dell'edizione | 19 |
| 100 1# - Accesso principale -- nome di persona | |
| Nome di persona | Tripeleff, F. |
| Numero del record di authority o numero standard | IT\ICCU\CFIV\132759 |
| Relazione: | aut |
| 245 13 - Formulazione del titolo | |
| Titolo | Le avventure di prigionia del giovane tenente Magnani / |
| Formulazione di responsabilità, ecc. | a cura di Tripeleff. |
| 250 ## - Formulazione di edizione | |
| Formulazione di edizione | Nuova ed |
| 260 ## - Pubblicazione, distribuzione, ecc. (stampa) | |
| Luogo di pubblicazione, distribuzione, ecc. | Milano : |
| Nome dell'editore, distributore, ecc. | il dito e la luna, |
| Data di pubblicazione, distribuzione, ecc. | 1998 |
| 300 ## - Descrizione fisica | |
| Estensione | 54 p. ; |
| Dimensioni | 18 cm. |
| 830 #0 - Accesso aggiunto di serie--titolo uniforme | |
| Titolo uniforme | Tra uomini |
| Numero del record di authority o numero standard | IT\ICCU\LO1\0501010 |
| 942 ## - Dati aggiuntivi (Koha) | |
| Fonte della classificazione o dello schema di collocazione (segnatura) | Classificazione decimale Dewey |
| Tipo copia default (Koha) | Libri |
| Status ritirato | Status smarrito: | Fonte della classificazione o dello schema di collocazione (segnatura) | Status danneggiato: | Escluso dal prestito | Biblioteca di appartenenza | Biblioteca corrente | Data di acquisti | Totale prestiti | Collocazione | Codice a barre | Data ultima revisione | Prezzo effettivo da | Tipo copia default (Koha) | Nota pubblica | Numero d'inventario |
|---|---|---|---|---|---|---|---|---|---|---|---|---|---|---|---|
| BOLOGNA | Centro di Documentazione "Flavia Madaschi" Cassero LGBTQIA+ Center | BOLOGNA | Centro di Documentazione "Flavia Madaschi" Cassero LGBTQIA+ Center | 15/01/2026 | DOC 853.914 TRI | BO5054 | 15/01/2026 | 15/01/2026 | Libri | 1 v. | 5054 | ||||||
| Classificazione decimale Dewey | Escluso dal prestito | GENOVA | Arcigay Genova - Approdo Lilia Mulas A.P.S. | GENOVA | Arcigay Genova - Approdo Lilia Mulas A.P.S. | 08/03/2015 | 853.914 TRI AVV | 1971 | 10/11/2023 | 10/11/2023 | Libri | ||||||
| Classificazione decimale Dewey | Escluso dal prestito | GENOVA | Arcigay Genova - Approdo Lilia Mulas A.P.S. | GENOVA | Arcigay Genova - Approdo Lilia Mulas A.P.S. | 08/03/2015 | 853.914 TRI AVV | 1972 | 10/11/2023 | 10/11/2023 | Libri | ||||||
| Classificazione decimale Dewey | MILANO | Centro di documentazione Omologie (CIG Arcigay Milano) | MILANO | Centro di documentazione Omologie (CIG Arcigay Milano) | 22/08/2005 | B-LNR02-TRIPE-AVV11 | CDOM4763 | 13/07/2025 | 13/07/2025 | Libri | 4763 | ||||||
| Classificazione decimale Dewey | MILANO | Centro di documentazione Omologie (CIG Arcigay Milano) | MILANO | Centro di documentazione Omologie (CIG Arcigay Milano) | 22/08/2005 | B-LNR02-TRIPE-AVV13 | CDOM4342 | 13/07/2025 | 13/07/2025 | Libri | 4342 | ||||||
| Classificazione decimale Dewey | MILANO | Centro di documentazione Omologie (CIG Arcigay Milano) | MILANO | Centro di documentazione Omologie (CIG Arcigay Milano) | 14/11/2004 | B-LNR02-TRIPE-AVV12 | CDOM4643 | 13/07/2025 | 13/07/2025 | Libri | 4643 | ||||||
| Classificazione decimale Dewey | Escluso dal prestito | RAVENNA | Arcigay Ravenna LGBTI+ | RAVENNA | Arcigay Ravenna LGBTI+ | 28/08/2024 | 853.914 TRI AVV | 9452 | 28/08/2024 | 28/08/2024 | Libri | Donazione di Pietro Brentini |